| 000 | 00763cam a2200265 4500 | ||
|---|---|---|---|
| 001 | J99704 | ||
| 008 | 000000n1999 000 0 eng u | ||
| 022 | _a13666274 | ||
| 035 | _a(Sirsi) u100149 | ||
| 041 | _aENG | ||
| 050 | _a333.33016 | ||
| 110 |
_aUniversity of York _9539 |
||
| 245 | 4 | _aThe University of York index of private rents and yields. -( First quarter 1999 - Fourth quarter 1999) | |
| 260 |
_aYork _bUniversity of York _c1999 |
||
| 300 | _a4pt. ; 30cm. | ||
| 650 | _aASSOCIATION OF RESIDENTIAL LETTING AGENTS | ||
| 650 | _aHALIFAX PLC | ||
| 650 | _aPRIVATE SECTOR RENTS | ||
| 650 | _aRENT INDICES | ||
| 650 | _aRENT OFFICER SERVICE | ||
| 650 |
_aRESIDENTIAL PROPERTY _96266 |
||
| 650 | _aYIELDS | ||
| 690 | _aHOUSING | ||
| 942 | _n0 | ||
| 999 |
_c99621 _d99621 |
||